Normal view
MARC view
- القانون التجارى
Entry Topical Term
001 - CONTROL NUMBER
- control field: 50005
003 - CONTROL NUMBER IDENTIFIER
- control field: JO-AjAnu
005 - DATE AND TIME OF LATEST TRANSACTION
- control field: 20230606082233.0
008 - FIXED-LENGTH DATA ELEMENTS
- fixed length control field: 230606|| aca||aabn | a|a d
040 ## - CATALOGING SOURCE
- Original cataloging agency: JO-AjAnu
- Transcribing agency: JO-AjAnu
150 ## - HEADING--TOPICAL TERM
- Topical term or geographic name entry element: القانون التجارى
670 ## - SOURCE DATA FOUND
- Source citation: Work cat.: (JO-AjAnu)25567: د،م, author 50004, قانون التجارة رقم (12) لسنة 1966م: نظام سجل التجارة رقم _130) لسنة 1966م والقرارات التفسيرية والتمييزية